| 000 | nam a22 a 4500 | ||
|---|---|---|---|
| 999 |
_c4355 _d4355 |
||
| 003 | AKMAL | ||
| 005 | 20170529101720.0 | ||
| 008 | 170529s2010 my | e l 000 0 may d | ||
| 020 |
_a9789678921008 (kkt.) _crm 27.50 |
||
| 040 | _cAKMAL | ||
| 082 | 0 | 4 |
_a345.5950268 MAL _222 |
| 090 | 0 | 0 |
_a345.5950268 _bMAL |
| 110 | 1 |
_aMalaysia _9400 |
|
| 245 | 1 | 0 |
_aAkta Pencegahan Pengubahan Wang Haram dan Pencegahan Pembiayaan Keganasan 2001 (Akta 613), Peraturan-peraturan dan Perintah = _bAnti-money Laundering and Anti-terrorism Financing Act 2001 (act 613), Regulations and Order : _b(hingga 15hb April 2010) / _cdisusun oleh: Lembaga Penyelidikan Undang-Undang |
| 246 | 1 | 3 | _aAnti-money Laundering and Anti-terrorism Financing Act 2001 (act 613), Regulations and Order |
| 260 |
_aPetaling Jaya : _bInternational Law Book Services, _c2010 |
||
| 300 |
_a247ms. ; _c24cm. |
||
| 490 | 1 | _aUndang-undang Malaysia | |
| 546 | _aTeks sejajar bahasa Malaysia dan Inggeris | ||
| 650 | 1 | 0 |
_aMoney laundering _xLaw and legislation _zMalaysia _98485 |
| 650 | 2 | 0 |
_aMoney _xLaw and legislation _zMalaysia _98486 |
| 710 | 2 |
_aLembaga Penyelidikan Undang-Undang _98487 |
|
| 830 | 0 |
_aUNDANG-UNDANG MALAYSIA _98488 |
|
| 942 |
_2ddc _cBOOK |
||